00534nam a2200181 a 45000010010000000030011000100080041000210350026000620820014000881000026001022450033001282600038001616500017001999420012002169520089002289980020003179990015003370000-9262ELIB.Books110520 1978  a(ELIB.Books)0000-9414 a232 bSch aSchoonover, Melvin E. aWhat if we did follow Jesus? bValley Forge: Judson Press c1978 aJesus Christ 2ddccBK 00102ddc4070aKBTSbKBTSd2011-05-20l0p892r2022-01-22 00:00:00w2022-01-22yBK cbate2011-05-20 c9262d9262